Doprava, jako součást technologických procesů v obchodě záverečná práca postgraduálneho štúdia

Salvato in:
Dettagli Bibliografici
Autore principale: Gieler, Pavel
Ente Autore: Vysoká škola ekonomická v Bratislave
Altri autori: Slobodník, Bartolomej
Natura: Libro
Lingua:ceco
Pubblicazione: Bratislava 1987
Tags: Aggiungi Tag
Nessun Tag, puoi essere il primo ad aggiungerne!!

MARC

LEADER 00000nam a2200000 4500
001 c025756
005 20221219102637.2
041 0 |a cze 
044 |a SK 
245 1 0 |a Doprava, jako součást technologických procesů v obchodě  |b záverečná práca postgraduálneho štúdia  |c Pavel Gieler ; Ved. práce Bartolomej Slobodník 
264 1 |a Bratislava  |c 1987 
300 |a 68 s. 
100 1 |a Gieler, Pavel 
700 1 |a Slobodník, Bartolomej 
710 2 |a Vysoká škola ekonomická v Bratislave